Les joueurs de Toulouse (2006-2007) - Statistiques

Statistiques générales
  • Ce quiz a été pris 64 fois
  • Le résultat moyen est 11 sur 30
Statistiques - réponses
Nationalité Poste Joueurs % Correct
Suède A Johan Elmander
94%
Cameroun M Achille Emana
77%
France Entraineur Elie Baup
70%
Guinée M Fodé Mansaré
66%
France G Nicolas Douchez
57%
France G Christophe Revault
55%
France D Dominique Arribagé
55%
France M Pantxi Siriex
55%
France A Bryan Bergougnoux
51%
France D Daniel Congré
51%
France D Albin Ebondo
47%
France D Jeremy Mathieu
42%
Brésil M Paulo César
42%
Rep Tchèque A Pavel Fort
40%
France M Laurent Batlles
38%
France M Nicolas Dieuze
36%
France D Mohamed Fofana
34%
Brésil M Fabinho
30%
Brésil / Tunisie A Francileudo Santos
30%
Cote d'Ivoire / France A Jean Louis Akpa Akpro
28%
France D Lucien Aubey
28%
France M Nabil Taider
25%
France A Xavier Pentecote
17%
France G Benoit Benvegnu
13%
France M Alexandre Bonnet
11%
Guinée D Alsény Camara
11%
Cote d'Ivoire D Issoumaila Dao
11%
France D Walid Cherfa
8%
France M Kevin Constant
4%
France M Anthony Robic
2%
Aucun quiz correspondant
Distribution des résultats
% des personnes avec chaque résultat
Percentile par nombre de réponses
Votre historique - résultats
Vous n’avez pas pris ce quiz